| 000 | 00603cam a22002052 4500 | ||
|---|---|---|---|
| 001 | 0000013257 | ||
| 005 | 20151217145901.0 | ||
| 008 | 090720s xx 000 0 eng d | ||
| 020 | _a1439045917 : | ||
| 040 |
_aKABU _cKABU |
||
| 100 | 1 |
_aJacobus, Charles J. _@0000157651 |
|
| 245 | 1 | 0 |
_aReal estate principles / _cCharles J. Jacobus. |
| 250 | _a11th ed. | ||
| 260 |
_aMason, Ohio : _bSouth-Western, _c2010. |
||
| 300 | _axxx, 545 p. | ||
| 650 | 0 |
_aReal estate _zUnited States. _@0000157652 |
|
| 852 | 1 | _9p4498.75 KES | |
| 908 | _a090720 | ||
| 950 | _@1 | ||
| 999 |
_c3698 _d3698 |
||